Historische Persönlichkeiten anhand von Bildern - Statistiken

Allgemein
  • Dieses Quiz wurde 88 mal gespielt
  • Das Durchschnittsergebnis liegt bei 6 aus 8
Antwortstatistiken
Bildquiz Antwort % Korrekt
Einstein
96%
Napoleon
95%
Cäsar
92%
Martin Luther King
90%
Karl Marx
78%
Bismarc
75%
Barbarossa
22%
Mozart
10%
Keine übereinstimmenden Quizze gefunden
Verteilung der Resultate
Anzahl Personen mit jedem Resultat
Perzentil nach korrekt beantworteten Fragen
Ihre Resultats-Entwicklung
Sie haben dieses Quiz noch nicht gespielt